Violent crime reduction bill (Record no. 104720)

MARC details
000 -LEADER
fixed length control field 00706cam a2200169 4500
001 - CONTROL NUMBER
control field L131350
008 - FIXED-LENGTH DATA ELEMENTS--GENERAL INFORMATION
fixed length control field 050803n2005 000 0 eng u
035 ## - SYSTEM CONTROL NUMBER
System control number (Sirsi) u131350
041 ## - LANGUAGE CODE
Language code of text/sound track or separate title eng
245 ## - TITLE STATEMENT
Title Violent crime reduction bill
260 ## - PUBLICATION, DISTRIBUTION, ETC.
Place of publication, distribution, etc. London
Name of publisher, distributor, etc. HMSO
Date of publication, distribution, etc. 2005
520 ## - SUMMARY, ETC.
Summary, etc. A new Bill before the UK Parliament. Part two covers firearms, and may have some relevance to the sale of antique replica firearms.
650 ## - SUBJECT ADDED ENTRY--TOPICAL TERM
Topical term or geographic name entry element VIOLENT CRIME REDUCTION BILL
690 ## - LOCAL SUBJECT ADDED ENTRY--TOPICAL TERM (OCLC, RLIN)
Topical term or geographic name as entry element PROPERTY-ARTS AND ANTIQUES-AUCTIONEERING ARTS AND ANTIQUES
856 ## - ELECTRONIC LOCATION AND ACCESS
Uniform Resource Identifier <a href="https://www.publications.parliament.uk/pa/cm200506/cmbills/010/2006010.pdf">https://www.publications.parliament.uk/pa/cm200506/cmbills/010/2006010.pdf</a>
Public note View the item free of charge at www.publications.parliament.uk...
942 ## - ADDED ENTRY ELEMENTS (KOHA)
Suppress in OPAC 0
Holdings
Withdrawn status Lost status Source of classification or shelving scheme Damaged status Not for loan Home library Current library Shelving location Date acquired Total Checkouts Full call number Barcode Date last seen Copy number Price effective from Koha item type
    Dewey Decimal Classification     Virtual Virtual Online 24/10/2005   ONLINE PUBLICATION 131350-2001 06/08/2019 1 06/08/2019 Book